000
00478nam a2200133Ia 4500
008
100328s9999 xx 000 0 und d
082
_b
11455
100
_a
बाबर सरोजिनी
245
_a
राजविलासी केवडा
260
_b
महाराष्ट्र राज्य लोकसाहित्य
630
_a
राजविलासी केवडा
730
_a
राजविलासी केवडा
942
_c
BOOK
999
_c
506776
_d
506773